| 000 | 00393nam a22001457a 4500 | ||
|---|---|---|---|
| 020 | _a9780323638821 | ||
| 040 | _cDLC | ||
| 082 |
_28th _a616.043 _bJON |
||
| 100 |
_aJones, Kenneth Lyons _9114147 |
||
| 245 |
_aSmith's Recognizable Patterns of Human Malformation / _cKenneth Lyons Jones |
||
| 250 | _a8th | ||
| 260 |
_aPhiladelpjia _bElsevier _c2022 |
||
| 300 |
_bill. _c24cm |
||
| 942 |
_2ddc _cBK |
||
| 999 |
_c595542 _d595542 |
||